37 буддійських штук. Як пережити бентежні часи (Запис № 576367)

МАРК-запис
000 -Лідер
fixed length control field 00941 a2200217 4500
003 - Ідентифікатор контрольного номера
control field UA-OsUOA
005 - Дата та час останнього входження (трансакції)
control field 20240531142317.0
008 - Елементи даних фіксованої довжини – загальна інформація
fixed length control field 240515b un ||||| |||| 00| 0 ukr d
020 ## - Міжнародний стандартний книжковий номер (ISBN)
Міжнародний стандартний книжковий номер (ISBN) (НП) 9786177973194
040 ## - Джерело каталогізації
Мова каталогізації ukr
Агенція, яка здійснювала перезапис UA-OsUOA
080 ## - Індекс Універсальної десяткової класифікації
Індекс Універсальної десяткової класифікації (УДК) (НП) 615.8
090 ## - Локальний шифр розміщення
Класифікаційний індекс УДК 615.8
Авторський знак (НП) К67
100 ## - Основне введення – ім’я особи
Ім’я особи (НП) Корнюшина О.
9 (RLIN) 2726
245 ## - Відомості про назву
Назва (НП) 37 буддійських штук. Як пережити бентежні часи
Дані про відповідальність (НП) Ольга Корнюшина
260 ## - Публікація, розповсюдження і т.п. (Вихідні дані)
Місце публікації, розповсюдження і т.п. (П) К.
Ім’я/ наймення видавництва, розповсюджувача і т.п. (П) Наш формат
Дата публікації, розповсюдження і т.п. (П) 2021
300 ## - Фізичний опис
Обсяг 240 с.
Інші фізичні характеристики (НП) іл.
650 ## - Додаткове предметне введення – тематичний термін
Тематичний термін чи географічна назва, як елемент введення (НП) 615.8 Фізіотерапія. Терапія механічними методами та засобами. Радіотерапія. Інші немедикаментозні терапевтичні засоби
9 (RLIN) 2727
942 ## - Додаткові елементи входу (Коха)
Тип елемента Koha Книги
Source of classification or shelving scheme Universal Decimal Classification
955 ## - Код типу видання за змістом
Код типу видання за змістом (НП) Науково-популярні видання
Фонди
Стан вилучень Стан втрат Джерело класифікації або схеми стелажів Стан уражень Не для кредиту Постійне місце розташування Поточне розміщення Дата придбання Джерело придбання Вартість, звичайна ціна покупки Усього замовленно Повний номер виклику Штрих-код Дата останнього перегляду Дата останньої перевірки Вартість, ціна заміни Ціна ефективна від Тип елемента Koha
    Universal Decimal Classification     ЧЗ - Читальна зала ЧЗ - Читальна зала 15/05/2024 №32/14.05.2024 150.00 1 615.8 К67 167442 23/04/2025 23/04/2025 150.00 15/05/2024 Книги